Loading...
| Literature - American Literature | 0 | 4 | 0 | 0 | 40 | 75 | 108.00 | 0 | 0 |
| Philosophy | 0 | 2 | 0 | 0 | 20 | 81 | 96.00 | 0 | 0 |
| Fine Arts - Visual Fine Arts | 0 | 1 | 0 | 0 | 10 | 46 | 46.00 | 1 | 1 |
| Mythology | 0 | 1 | 0 | 0 | 10 | 154 | 154.00 | 0 | 0 |
| Literature - British Literature | 0 | 1 | 0 | 0 | 10 | 83 | 83.00 | 0 | 0 |
| Fine Arts - Classical Music | 0 | 1 | 1 | 0 | 5 | 104 | 104.00 | 0 | 0 |
| Fine Arts - Other Fine Arts | 0 | 1 | 1 | 0 | 5 | 112 | 112.00 | 0 | 0 |
| Literature - European Literature | 0 | 1 | 1 | 0 | 5 | 99 | 99.00 | 0 | 0 |
| Literature - World/Other Literature | 0 | 0 | 0 | 0 | 0 | 0.00 | 0 | 0 | |
| Religion | 0 | 0 | 0 | 0 | 0 | 0.00 | 0 | 0 | |
| Social Science | 0 | 0 | 2 | 0 | -10 | 0.00 | 0 | 0 |